000 00665nam a22001817a 4500
999 _c62438
_d62438
005 20241031171455.0
008 241031s2017 enk||||| |||| 00| 0 eng d
020 _a9780143111726x
041 _aeng
080 _a159.9 S-62
100 _a Sinek, Simon
_923584
245 _aFind Your Why:
_bA Practical Guide for Discovering Purpose for You and Your Team /
_cSimon Sinek.
264 _aNew York :
_bPortfolio,
_c2017.
300 _a242 p.:
_bill.;
_c22 cm.
653 _aპრაქტიკული გზამკვლევი მიზნის გასარკვევად
653 _aფსიქოლოგია
942 _2udc
_cᲬᲘᲒᲜᲘ